[Event "FRA-chT Top 12 2019"]
[Site "Brest"]
[Date "2019.05.22"]
[Round "5.5"]
[White "Apicella, Manuel"]
[Black "Gozzoli, Yannick"]
[Result "1/2-1/2"]
[WhiteElo "2502"]
[BlackElo "2622"]
[Annotator "TA"]
[PlyCount "157"]
[EventDate "2019.05.18"]
[EventType "team-tourn"]
[EventCountry "FRA"]
[SourceTitle "playchess.com"]
[Source "ChessBase"]
[SourceQuality "1"]

{[%evp 22,157,0,6,8,16,16,17,20,9,1,-29,59,54,57,58,81,72,72,-51,-46,-63,-57,-54,-16,-16,-24,-13,-21,-28,-8,0,0,-54,0,-26,-23,-43,-42,-42,-12,-41,-51,-31,-24,-31,-30,-73,-32,-79,-47,-54,-47,-39,-21,-44,-45,-47,-41,-66,-59,-58,-59,-72,-73,-75,-55,-72,-72,-72,-72,-72,-75,-77,-86,-86,-61,-59,-47,-46,-31,-31,-34,-33,-37,-31,-22,-28,-22,-29,0,-34,-29,-31,-22,-72,-72,-72,-72,-114,-103,-114,-114,-114,-114,-114,-72,-72,-72,-72,-62,-62,0,-72,-72,-143,0,-143,-72,-72,-72,-72,-10,-143,-143,-143,-143,-143,-143,-143,-143,-143,-62,-62,-62,-62,-62,-62]} 1. e4 e5 2. Nf3 Nc6 3. Bb5 a6 4. Ba4 Nf6 5. O-O Be7 6. Re1 b5 7. Bb3 O-O 8. d4 Nxd4 9. Nxd4 exd4 10. e5 Ne8 11. Qxd4 c5 12. Qe4 Nc7 {C88: Closed Ruy Lopez: Anti-Marshall Systems} 13. c4 bxc4 14. Bc2 {[%csl Gc2][%cal Re4h7]} g6 {The position is equal.} 15. Bh6 Re8 $1 {Hoping for ...d5.} 16. Nd2 $146 ({Predecessor:} 16. Nc3 Rb8 17. Qxc4 Rb4 18. Qd3 Rh4 19. Be3 d5 20. exd6 Bxd6 {0-1 (38) Brooks,M (2460)-Kaidanov,G (2500) New York 1990}) 16... Rb8 ({Better is} 16... Bf8 $11 17. Qf4 c3 18. bxc3 Nd5) 17. Nxc4 $14 Bb7 18. Qg4 Nb5 19. Rad1 Nd4 20. Ba4 (20. Bd3 $16) 20... Bd5 $15 21. b3 Be6 $1 $36 {[%cal Re6g4][%mdl 2048] Black is more active.} 22. Qe4 $1 Rb4 (22... Bxc4 $5 23. bxc4 Rb4 $15) 23. Rc1 Bxc4 24. Rxc4 Rxc4 25. bxc4 Bg5 26. Bxg5 Qxg5 27. f4 (27. Kf1 $11) 27... Qe7 (27... Qd8 $15) 28. Qd5 Rb8 29. Qd6 Qxd6 30. exd6 {[%mdl 4096] Endgame KRB-KRN} Rb6 31. Re5 Rxd6 32. Rxc5 Ne2+ 33. Kf2 Nc3 {aiming for ...Ne4+.} 34. Rc8+ Kg7 35. Bb3 Nxa2 36. Ke3 Nb4 {Threatens to win with ...Rd3+.} 37. Ba4 a5 38. Ra8 Rd3+ 39. Ke2 Rd4 40. Rxa5 Rxc4 41. Bxd7 Rxf4 42. Ke3 Rc4 43. Ra7 Nd5+ 44. Kf3 Rf4+ 45. Kg3 Rf6 46. h3 Ne3 {...Nf1+ is the strong threat.} 47. Bb5 h5 48. Bd3 {[#]} h4+ $1 {[%mdl 576] Decoy} 49. Kxh4 Nxg2+ 50. Kg3 Nf4 51. Bc4 Nh5+ 52. Kg2 Rf5 53. h4 Rf6 54. Rb7 Rf4 55. Bb3 Rf6 56. Bc4 Nf4+ 57. Kg3 Ne6 58. Bxe6 Rxe6 $11 {KR-KR} 59. Kg4 Re4+ 60. Kg3 Kf6 61. Ra7 Re7 62. Ra5 Re5 63. Ra7 Rf5 64. Ra6+ {[#]} Kg7 $1 65. Ra7 Kh6 66. Rb7 Kg7 67. Ra7 $1 Re5 68. Rb7 (68. Kg4 $142) 68... Kf6 69. Ra7 $1 Ke6 (69... Rd5 $142 70. Ra6+ Kf5) 70. Kg4 $17 Rd5 71. Ra6+ Rd6 (71... Ke7 $17) 72. Ra1 {[#]} (72. Ra5 $11) 72... f6 $1 73. Re1+ Kf7 74. Ra1 Rd4+ 75. Kg3 Kg7 76. Ra8 f5 ({Black should play} 76... Rd3+ $17 77. Kf2 f5) 77. Rb8 {Black is slightly better.} Rd3+ 78. Kg2 Re3 79. Ra8 {Accuracy: White = 59%, Black = 55%.} 1/2-1/2

[Event "FRA-chT Top 12 2019"]
[Site "Brest"]
[Date "2019.05.22"]
[Round "5.5"]
[White "Marcelin, Cyril"]
[Black "Lefebvre, Herve"]
[Result "1/2-1/2"]
[WhiteElo "2451"]
[BlackElo "2291"]
[Annotator "TA"]
[PlyCount "38"]
[EventDate "2019.05.18"]
[EventType "team-tourn"]
[EventCountry "FRA"]
[SourceTitle "playchess.com"]
[Source "ChessBase"]
[SourceQuality "1"]

{[%evp 16,38,0,-3,-6,-11,-14,-15,-17,-13,-14,-22,0,-38,-22,-21,14,11,18,8,15,11,14,6,34]} 1. d4 d5 2. Nf3 Nf6 3. Bf4 c5 4. e3 Nc6 5. c3 Qb6 6. Qb3 c4 7. Qc2 Bf5 8. Qc1 h6 9. Nbd2 e6 {D02: 1 d4 d5 2 Nf3 sidelines, including 2...Nf6 3 g3 and 2...Nf6 3 Bf4} 10. Be2 Be7 11. O-O O-O 12. b3 cxb3 13. axb3 Rfc8 14. Qb2 a5 {[#]} 15. Ra2 $146 {The position is equal.} ({Predecessor:} 15. Ra4 Qd8 16. Rfa1 Ne8 17. h3 {½-½ (51) Yu,Y (2747)-Maze,S (2591) Caleta 2016}) 15... Ne4 16. Nxe4 $1 Bxe4 17. Rfa1 Qd8 18. Nd2 Bg6 19. Ra4 Nb4 1/2-1/2

[Event "FRA-chT Top 12 2019"]
[Site "Brest"]
[Date "2019.05.22"]
[Round "5.5"]
[White "Brunner, Nicolas"]
[Black "Sulava, Nenad"]
[Result "1/2-1/2"]
[WhiteElo "2422"]
[BlackElo "2422"]
[Annotator "TA"]
[PlyCount "25"]
[EventDate "2019.05.18"]
[EventType "team-tourn"]
[EventCountry "FRA"]
[SourceTitle "playchess.com"]
[Source "ChessBase"]
[SourceQuality "1"]

{[%evp 9,23,50,42,39,39,41,56,48,42,27,28,26,37,37,42,31]} 1. d4 e6 2. c4 b6 3. e4 Bb7 4. Bd3 Bb4+ 5. Bd2 Bxd2+ 6. Qxd2 {A40: Unusual replies to 1 d4} f5 7. Nc3 Nf6 {[%cal Rf5e4]} 8. f3 Nc6 9. Nge2 fxe4 10. fxe4 e5 11. d5 Ne7 12. O-O {Predecessor:} O-O $146 13. Ng3 {0-1 (31) Riazantsev,A (2650)-Alekseev,E (2616) Riadh 2017} 1/2-1/2

[Event "FRA-chT Top 12 2019"]
[Site "Brest"]
[Date "2019.05.22"]
[Round "5.5"]
[White "Vitoux, Colomban"]
[Black "Naiditsch, Arkadij"]
[Result "0-1"]
[WhiteElo "2384"]
[BlackElo "2682"]
[Annotator "RC"]
[PlyCount "118"]
[EventDate "2019.05.18"]
[EventType "team-tourn"]
[EventCountry "FRA"]
[SourceTitle "playchess.com"]
[Source "ChessBase"]
[SourceQuality "1"]
[TimeControl "40/5400+30:1800+30"]

1. e4 {[%emt 0:00:00]} c5 {[%emt 0:00:46]} 2. Nf3 {[%emt 0:00:00]} Nc6 {[%emt 0:00:09]} 3. Nc3 {[%emt 0:00:36]} e6 {[%emt 0:01:43]} 4. g3 {[%emt 0:04:17]} a6 {[%emt 0:03:24]} 5. Bg2 {[%emt 0:00:28]} b5 {[%emt 0:00:07]} 6. O-O {[%emt 0:03:47]} Bb7 {[%emt 0:00:19]} 7. Re1 {[%emt 0:03:03]} Rc8 {[%emt 0:03:40]} 8. a4 {[%emt 0:11:49]} b4 {[%emt 0:02:11]} 9. Nd5 {[%emt 0:03:33]} d6 {[%emt 0:01:24]} 10. Ne3 {[%emt 0:01:24]} Be7 {[%emt 0:14:17]} 11. Nc4 {[%emt 0:10:30]} h5 {[%emt 0:01:32]} 12. c3 {[%emt 0:02:23]} Nf6 {[%emt 0:02:53]} 13. d3 {[%emt 0:05:42]} Ng4 {[%emt 0:03:37]} 14. d4 {[%emt 0:03:58]} bxc3 {[%emt 0:01:18]} 15. bxc3 {[%emt 0:09:40]} cxd4 {[%emt 0:04:25]} 16. Rb1 {[%emt 0:04:20]} Ba8 {[%emt 0:02:06]} 17. cxd4 {[%emt 0:01:04]} Nb4 {[%emt 0:02:54]} 18. Na3 {[%emt 0:04:33]} Na2 {[%emt 0:08:48]} 19. Qd3 {[%emt 0:09:24]} Nc3 {[%emt 0:17:02]} 20. Ra1 {[%emt 0:00:25]} d5 {[%emt 0:00:52]} 21. exd5 {[%emt 0:04:11]} Nxd5 {[%emt 0:00:34]} 22. Qxa6 {[%emt 0:01:20]} O-O {[%emt 0:00:25]} 23. Bd2 {[%emt 0:01:48]} Nb4 {[%emt 0:03:26]} 24. Qb5 {[%emt 0:02:10]} Bxf3 {[%emt 0:03:40]} 25. Bxf3 {[%emt 0:03:01]} Qxd4 {[%emt 0:00:10]} 26. Bxg4 {[%emt 0:04:52]} Qxd2 {[%emt 0:03:08]} 27. Qe2 {[%emt 0:00:23]} Qg5 {[%emt 0:07:19]} 28. Bxe6 {[%emt 0:01:47]} Rc3 {[%emt 0:00:02]} 29. Bh3 {[%emt 0:02:11]} Bc5 {[%emt 0:00:02]} 30. Qe5 {[%emt 0:00:46]} Qxe5 {[%emt 0:05:23]} 31. Rxe5 {[%emt 0:00:02]} Nd3 {[%emt 0:00:10]} 32. Nb5 {[%emt 0:01:12]} Bxf2+ {[%emt 0:04:14]} 33. Kf1 {[%emt 0:00:05]} Rb3 {[%emt 0:00:26]} 34. Re2 {[%emt 0:00:25]} Bc5 {[%emt 0:00:28]} 35. Bg2 {[%emt 0:01:25]} Nb4 36. Nc7 Rb8 {[%emt 0:03:52]} 37. Nd5 {[%emt 0:01:05]} Nd3 {[%emt 0:00:19]} 38. Be4 {[%emt 0:00:35]} Ne5 {[%emt 0:00:46]} 39. Bc2 {[%emt 0:00:32]} Rb2 {[%emt 0:00:04]} 40. Rxe5 {[%emt 0:00:38]} Rxc2 {[%emt 0:00:22]} 41. Re2 {[%emt 0:10:53]} Rxe2 {[%emt 0:00:35]} 42. Kxe2 {[%emt 0:00:02]} Rb2+ {[%emt 0:00:00]} 43. Kd3 {[%emt 0:06:01]} Rxh2 44. a5 {[%emt 0:02:26]} Rg2 {[%emt 0:12:55]} 45. Kc4 {[%emt 0:01:04]} Bg1 {[%emt 0:03:31]} 46. Ra3 {[%emt 0:01:57]} Rd2 {[%emt 0:01:44]} 47. Nb4 {[%emt 0:03:32]} Kh7 {[%emt 0:05:04]} 48. a6 Rd4+ {[%emt 0:01:33]} 49. Kb5 {[%emt 0:01:51]} Rg4 50. Nd5 {[%emt 0:02:21]} Rd4 {[%emt 0:04:26]} 51. Kc6 {[%emt 0:01:55]} Rc4+ {[%emt 0:00:09]} 52. Kb7 {[%emt 0:03:07]} Kh6 {[%emt 0:00:39]} 53. Ra1 {[%emt 0:00:54]} Bd4 {[%emt 0:00:33]} 54. Rd1 {[%emt 0:00:26]} Bc5 {[%emt 0:02:08]} 55. Nb6 {[%emt 0:00:58]} Rb4 {[%emt 0:00:54]} 56. Rd6+ {[%emt 0:00:24]} Bxd6 {[%emt 0:00:22]} 57. a7 {[%emt 0:00:13]} Bxg3 {[%emt 0:00:55]} 58. a8=Q Bf2 {[%emt 0:00:07]} 59. Qa2 {[%emt 0:01:20]} Rxb6+ {[%emt 0:00:10]} 0-1

[Event "FRA-chT Top 12 2019"]
[Site "Brest"]
[Date "2019.05.22"]
[Round "5.5"]
[White "Genzling, Alain"]
[Black "Bauer, Christian"]
[Result "0-1"]
[WhiteElo "2376"]
[BlackElo "2643"]
[Annotator "TA"]
[PlyCount "55"]
[EventDate "2019.05.18"]
[EventType "team-tourn"]
[EventCountry "FRA"]
[SourceTitle "playchess.com"]
[Source "ChessBase"]
[SourceQuality "1"]

{[%evp 15,55,19,30,25,25,0,0,-10,27,-48,-42,-56,-54,-53,-21,-46,0,-44,-38,-58,-45,-128,-57,-185,-170,-174,-168,-196,-97,-106,-122,-113,-93,-157,-152,-166,-164,-236,-244,-223,-228,-304]} 1. d4 Nf6 2. Nf3 d6 3. Nc3 g6 4. e4 Bg7 5. Be2 O-O 6. O-O a6 7. a4 Nc6 8. h3 e5 9. d5 {B08: Pirc Defence: Classical System} (9. dxe5 Nxe5 10. Nxe5 dxe5 11. Qxd8 Rxd8 12. Bg5 Re8 13. Rfd1 Be6 14. a5 Rac8 15. Bxf6 Bxf6 16. Bg4 Be7 17. Nd5 Bg5 18. Bxe6 Rxe6 {½-½ (41) Bindrich,F (2606)-Maghsoodloo,P (2688) St Petersburg 2018}) 9... Ne7 10. Nh2 Nd7 $146 ({Predecessor:} 10... Kh8 11. f4 exf4 12. Bxf4 Nd7 13. Ng4 Ng8 14. Qd2 Qe8 15. Rf2 h5 16. Nh6 Ngf6 {0-1 (32) Breyther,R (2240)-Short,N (2440) Hamburg 1981}) 11. a5 {The position is equal.} b5 12. f3 (12. axb6 $1 $11 cxb6 13. Nf3) 12... f5 $15 13. Be3 Nf6 14. Bd3 c5 15. dxc6 Nxc6 16. Bb6 Qe7 17. f4 Nb4 18. Be2 (18. fxe5 $15 dxe5 19. exf5 Nxd3 20. cxd3) 18... Be6 ({Much weaker is} 18... Nxe4 $6 19. Nxe4 fxe4 20. Qd2 $11) (18... fxe4 $17 {Strongly threatening ...exf4.} 19. fxe5 Qxe5) 19. Nf3 (19. Qd2 $1 $15) 19... Nxe4 20. Nxe4 fxe4 21. Ng5 Bd5 ({Don't play} 21... Rxf4 22. Nxe6 Rxf1+ 23. Bxf1 $17) (21... exf4 $19 {has better winning chances.} 22. Nxe4 Nd5) 22. c3 $17 exf4 23. Nxe4 Qxe4 {[%csl Gd5][%cal Re4g2] [#]} 24. Bf3 ({White should try} 24. Rf2) 24... Qc4 {Hoping for ...Bxf3.Black is clearly better.} 25. cxb4 Bxf3 26. Rxf3 (26. Qxf3 $142 Bxb2 27. Rae1) 26... Bxb2 $19 ({Resist} 26... Qxb4 27. Qd5+ Kh8 28. Rd1 $17) 27. Rb1 Be5 28. Qd3 {Accuracy: White = 25%, Black = 56%.} 0-1

[Event "FRA-chT Top 12 2019"]
[Site "Brest"]
[Date "2019.05.22"]
[Round "5.6"]
[White "Edouard, Romain"]
[Black "Koch, Jean-Rene"]
[Result "1-0"]
[WhiteElo "2642"]
[BlackElo "2465"]
[Annotator "TA"]
[PlyCount "123"]
[EventDate "2019.05.18"]
[EventType "team-tourn"]
[EventCountry "FRA"]
[SourceTitle "playchess.com"]
[Source "ChessBase"]
[SourceQuality "1"]

{[%evp 9,123,16,17,7,0,10,10,10,10,10,10,10,0,-12,16,0,0,0,0,0,0,0,19,-15,-12,-20,-2,-33,27,-29,0,0,0,0,0,0,8,8,7,11,11,-8,33,28,25,25,27,21,21,25,21,21,68,76,101,101,96,74,74,74,74,74,74,74,87,59,87,42,97,42,99,72,129,130,128,106,183,145,183,182,183,166,166,173,193,0,172,158,187,191,311,327,413,407,402,377,364,358,414,482,490,485,483,463,530,526,1258,992,1326,1090,29965,29966,29953,12566,5655,5281]} 1. d4 d5 2. c4 e6 3. Nc3 Be7 4. Bf4 Nf6 5. e3 O-O 6. a3 {D35: Queen's Gambit Declined: Exchange Variation} b6 7. cxd5 Nxd5 8. Nxd5 {The position is equal.} exd5 9. Bd3 c5 10. Ne2 Nc6 11. Rc1 $146 ({Predecessor:} 11. O-O Be6 12. Qa4 Qe8 {½-½ (51) Sokolov,I (2699)-Goloshchapov,A (2582) Belgium 2013}) 11... Bb7 12. dxc5 bxc5 13. O-O c4 14. Bb1 Bf6 15. Nc3 Ne7 16. Qc2 {[%csl Gb1][%cal Rc2h7] [#]} (16. b3 {with more complications.} Rc8 17. Nb5 Qb6 18. bxc4 Rxc4 19. a4) 16... g6 17. Rfd1 Qa5 18. Qe2 Rfd8 (18... Rad8 $15) 19. Rd2 (19. Qg4 $142) 19... Rac8 20. Qg4 h5 21. Qg3 d4 22. exd4 Rxd4 23. Rxd4 Bxd4 24. Rd1 Bf6 25. Bd2 {Hoping for Ne4.} Qe5 26. Qxe5 Bxe5 27. Be3 Bxc3 28. bxc3 {[#] Threatens to win with Rd7.} Nd5 29. Bd4 Re8 30. f3 a5 31. Be4 f5 32. Bxd5+ $1 Bxd5 $16 {[%mdl 4096] Endgame KRB-KRB} 33. Rb1 Bc6 34. Rb6 Re6 35. h4 Kf7 36. Kf2 Be8 37. Rb8 a4 38. Kg3 Re7 ({Black should try} 38... Re2 $14) 39. Rc8 (39. Kf4 $16) 39... Re6 ({Better is} 39... Re2 $14) 40. Rxc4 Bc6 (40... Re2 $142) 41. Kf4 Be8 42. Rb4 Bc6 (42... Re2 $16) 43. Be5 $18 Be8 44. c4 {[%cal Bc3c4,Bc4c5][%mdl 32]} Bc6 45. c5 Ke7 46. Rb6 Bd5 47. Rb4 Bc6 48. Rb8 Bd5 49. Rc8 Rc6 (49... Kd7 $142 50. Rc7+ Kd8) 50. Bd6+ $1 Kf6 51. Rf8+ Bf7 52. Ke3 Kg7 53. Ra8 {Strongly threatening Be5+.} Bb3 54. Kd4 Kf6 55. Ra7 Rc8 56. Be7+ Kf7 57. Ke5 Bc2 58. Kd6 f4 59. c6 Re8 60. Bg5+ Kg8 61. Re7 Rd8+ 62. Rd7 {Accuracy: White = 68%, Black = 39%.} 1-0

[Event "FRA-chT Top 12 2019"]
[Site "Brest"]
[Date "2019.05.22"]
[Round "5.6"]
[White "Rambaldi, Francesco"]
[Black "Ludwig, Remi"]
[Result "1-0"]
[WhiteElo "2558"]
[BlackElo "2312"]
[Annotator "RC"]
[PlyCount "101"]
[EventDate "2019.05.18"]
[EventType "team-tourn"]
[EventCountry "FRA"]
[SourceTitle "playchess.com"]
[Source "ChessBase"]
[SourceQuality "1"]
[TimeControl "40/5400+30:1800+30"]

1. Nf3 {[%emt 0:00:00]} Nf6 {[%emt 0:00:00]} 2. g3 {[%emt 0:00:00]} g6 {[%emt 0:00:01]} 3. b3 {[%emt 0:00:05]} d5 {[%emt 0:00:40]} 4. c4 {[%emt 0:00:40]} d4 {[%emt 0:00:26]} 5. b4 {[%emt 0:10:09]} Bg7 {[%emt 0:11:26]} 6. d3 {[%emt 0:00:37]} O-O {[%emt 0:01:09]} 7. Bg2 {[%emt 0:00:07]} c5 {[%emt 0:01:18]} 8. bxc5 {[%emt 0:00:21]} Nfd7 {[%emt 0:00:28]} 9. O-O {[%emt 0:01:57]} Nxc5 {[%emt 0:02:16]} 10. Nbd2 {[%emt 0:01:19]} Qc7 {[%emt 0:11:55]} 11. Nb3 {[%emt 0:03:06]} e5 {[%emt 0:05:17]} 12. Nxc5 {[%emt 0:01:18]} Qxc5 {[%emt 0:00:05]} 13. Ng5 {[%emt 0:06:23]} Qe7 {[%emt 0:03:32]} 14. Qb3 {[%emt 0:03:46]} Na6 {[%emt 0:23:57]} 15. Bd5 {[%emt 0:14:44]} Nc5 {[%emt 0:08:48]} 16. Qb4 {[%emt 0:02:24]} a5 {[%emt 0:00:55]} 17. Qa3 {[%emt 0:00:18]} Bf5 {[%emt 0:00:37]} 18. Ne4 {[%emt 0:03:01]} Bxe4 {[%emt 0:00:57]} 19. Bxe4 {[%emt 0:00:14]} Rfe8 {[%emt 0:00:27]} 20. Bd5 {[%emt 0:00:20]} e4 {[%emt 0:05:56]} 21. Bg5 {[%emt 0:04:50]} Qxg5 {[%emt 0:02:56]} 22. Qxc5 {[%emt 0:00:06]} Qf5 {[%emt 0:02:21]} 23. Rab1 {[%emt 0:06:15]} exd3 {[%emt 0:05:41]} 24. exd3 {[%emt 0:00:17]} Rab8 {[%emt 0:02:18]} 25. Qc7 {[%emt 0:14:26]} b5 {[%emt 0:02:09]} 26. Qxa5 {[%emt 0:04:23]} bxc4 {[%emt 0:00:35]} 27. Rxb8 {[%emt 0:00:14]} Rxb8 {[%emt 0:00:06]} 28. Qa7 {[%emt 0:00:11]} Rb2 {[%emt 0:02:36]} 29. Bxc4 {[%emt 0:00:10]} h5 {[%emt 0:01:10]} 30. Qa8+ {[%emt 0:01:45]} Bf8 {[%emt 0:01:54]} 31. h4 {[%emt 0:01:16]} Qf6 {[%emt 0:00:54]} 32. a4 {[%emt 0:01:32]} Kg7 {[%emt 0:01:21]} 33. a5 {[%emt 0:00:56]} Bc5 {[%emt 0:00:52]} 34. Qd5 {[%emt 0:02:22]} Ba7 {[%emt 0:00:43]} 35. a6 {[%emt 0:00:10]} Re2 {[%emt 0:00:19]} 36. Kg2 {[%emt 0:01:18]} Re5 {[%emt 0:00:26]} 37. Qb7 {[%emt 0:01:14]} Re7 {[%emt 0:00:06]} 38. Qf3 {[%emt 0:00:10]} Qxf3+ {[%emt 0:00:35]} 39. Kxf3 {[%emt 0:00:06]} Kf6 {[%emt 0:00:35]} 40. Rb1 {[%emt 0:01:19]} Kg7 {[%emt 0:01:08]} 41. Rb5 {[%emt 0:31:24]} f5 {[%emt 0:14:28]} 42. Bd5 {[%emt 0:00:00]} Kf6 {[%emt 0:02:56]} 43. Rb7 {[%emt 0:00:00]} Rxb7 {[%emt 0:01:27]} 44. Bxb7 {[%emt 0:00:00]} g5 {[%emt 0:02:10]} 45. Kg2 {[%emt 0:00:00]} g4 {[%emt 0:05:16]} 46. f4 {[%emt 0:00:00]} gxf3+ {[%emt 0:03:31]} 47. Bxf3 {[%emt 0:00:00]} Kg6 {[%emt 0:01:06]} 48. Kf1 {[%emt 0:00:00]} Bb8 {[%emt 0:01:01]} 49. Ke2 {[%emt 0:00:00]} Kh6 {[%emt 0:01:16]} 50. Kd1 {[%emt 0:00:00]} Kg6 {[%emt 0:00:08]} 51. Kc2 {[%emt 0:00:00]} 1-0

[Event "FRA-chT Top 12 2019"]
[Site "Brest"]
[Date "2019.05.22"]
[Round "5.6"]
[White "Degraeve, Jean-Marc"]
[Black "Wirig, Anthony"]
[Result "1-0"]
[WhiteElo "2546"]
[BlackElo "2516"]
[Annotator "TA"]
[PlyCount "87"]
[EventDate "2019.05.18"]
[EventType "team-tourn"]
[EventCountry "FRA"]
[SourceTitle "playchess.com"]
[Source "ChessBase"]
[SourceQuality "1"]

{[%evp 9,87,8,4,8,8,0,0,0,-4,-8,-8,-9,-8,-8,0,-29,-9,-23,-10,-18,0,0,0,0,-15,-20,-9,0,0,-112,-8,-4,0,-26,-23,-23,37,64,70,0,84,83,69,81,93,76,138,132,192,179,192,122,95,102,110,103,134,0,0,0,207,181,173,144,247,266,299,293,689,0,728,683,904,871,1401,1385,2121,2245,1877,1592]} 1. e4 c5 2. Nf3 e6 3. g3 Nc6 4. Bg2 Nf6 5. Qe2 e5 6. O-O {B40: Sicilian: 2...e6, Unusual lines} Be7 7. c3 O-O 8. Na3 {The position is equal.} Re8 9. d3 h6 10. Nc4 Bf8 11. a4 d6 12. Nfd2 $146 ({Predecessor:} 12. Bd2 Be6 {½-½ (37) Andriasian,Z (2604)-Ganguly,S (2638) chess.com INT 2019}) 12... Bg4 13. f3 Be6 14. f4 exf4 15. gxf4 d5 16. Ne3 $1 d4 17. Nec4 Bg4 18. Bf3 Bh3 19. Rd1 {[#]} (19. Bg2 $11 Bg4 20. Nf3) 19... dxc3 (19... Nd5 $1 $17 {[%cal Rd5f4][%mdl 512]} 20. Nb1 (20. exd5 Rxe2) 20... Nb6) 20. bxc3 $11 Nd5 {[%mdl 64] Double Attack, Pin} 21. Nb1 Nb6 22. Ne3 Bd7 ({Black should play} 22... Na5 $1 $11) 23. a5 $14 Nc8 24. a6 (24. Qg2 $14) 24... bxa6 (24... b5 $1 $11 {remains equal.}) 25. Qg2 $16 Rb8 26. Nd2 {[%mdl 1024] White has compensation.} Nb6 27. e5 Qc8 (27... Ne7 $142) 28. Ne4 {aiming for Nf6+.} Kh8 (28... Bh3 $16 29. Qg3 Rd8) 29. Kh1 $1 $18 Re6 30. Qa2 (30. Bh5 $18) 30... Nd8 31. d4 cxd4 32. cxd4 Ba4 33. Rd2 (33. Rg1 $16) 33... Rc6 $1 $11 {[%cal Rc6c1]} 34. Ba3 $1 {[%cal Ra3f8]} Bb3 $2 (34... Nc4 $11 {and Black stays safe.} 35. Bxf8 (35. Nxc4 Bb3 $15) 35... Nxe3 36. Qxa4 Rc1+ 37. Rxc1 Qxc1+ 38. Bd1 Rb1) 35. Qxb3 $18 Nc4 36. Qd3 $1 Nxa3 (36... Nxd2 $16 37. Qxd2 Bxa3 38. Rxa3 Qh3) 37. Rxa3 Bxa3 38. Qxa3 {And now Qf8+ would win.} Qh3 $2 (38... Ne6 39. f5 Nf4) 39. Qf8+ $40 {[%mdl 128] White has some attack.} Kh7 {[#]} 40. Ng3 $1 {White is clearly winning.} Rc1+ 41. Nd1 g6 {[#]} 42. f5 $1 {[%mdl 512]} gxf5 43. Rg2 {Intending Nxf5! and mate.} Rbb1 {[#]} 44. Nf1 $1 {Accuracy: White = 76%, Black = 50%.} 1-0

[Event "FRA-chT Top 12 2019"]
[Site "Brest"]
[Date "2019.05.22"]
[Round "5.6"]
[White "Riff, Jean-Noel"]
[Black "Relange, Eloi"]
[Result "1/2-1/2"]
[WhiteElo "2494"]
[BlackElo "2456"]
[Annotator "TA"]
[PlyCount "49"]
[EventDate "2019.05.18"]
[EventType "team-tourn"]
[EventCountry "FRA"]
[SourceTitle "playchess.com"]
[Source "ChessBase"]
[SourceQuality "1"]

{[%evp 9,49,0,37,40,35,31,32,35,42,46,56,46,57,47,92,12,16,30,33,4,32,54,30,0,0,0,0,0,0,-3,0,-34,-28,-35,-25,-31,-25,-34,-34,-43,-18,-54]} 1. e4 d6 2. d4 Nf6 3. Nc3 e5 4. Nf3 Nbd7 5. Rg1 (5. Bc4 Be7 6. a4 O-O 7. O-O c6 8. Re1 a5 9. h3 Nb6 10. Ba2 Nfd7 11. Be3 exd4 12. Bxd4 Nc5 13. Bxc5 dxc5 14. Qe2 Qd6 15. Rad1 Qg6 16. Ne5 Qg5 17. Nf3 Qg6 18. Ne5 Qg5 19. Nf3 Qg6 20. Ne5 Qg5 {½-½ (20) Fressinet,L (2650)-Ponomariov,R (2663) Germany 2019}) 5... g6 6. g4 {C41: Philidor Defence} Bg7 7. g5 Nh5 8. Be3 {White is slightly better.} O-O 9. Qd2 c6 10. O-O-O Qa5 11. Kb1 b5 {[%cal Bb7b5,Bb5b4][%mdl 32]} 12. dxe5 $146 ({Better is} 12. a3 $16) ({Predecessor:} 12. h4 b4 {½-½ (32) Brandt,C (2066)-Hess,O (2094) Germany 2018}) 12... b4 $11 13. Ne2 Nxe5 14. Nxe5 dxe5 (14... Be6 $5 {[%cal Ra5a2]} 15. Nc4 Bxc4 $11) 15. Nc1 Be6 $1 16. Be2 Rfd8 17. Qe1 Nf4 $36 {[%mdl 2048] Black has some pressure.} 18. Bg4 Bc4 19. h4 Bf8 20. Rh1 Qc7 21. Qg1 a5 {[%cal Ba7a5,Ba5a4][%mdl 32]} 22. h5 Rxd1 ({Much weaker is} 22... gxh5 $6 23. Bxh5 Nxh5 24. b3 $14) 23. Bxd1 a4 ({But not} 23... Nxh5 $6 24. Bxh5 gxh5 25. Rxh5 $14) 24. Qh2 c5 25. Bg4 {Accuracy: White = 54%, Black = 76%.} 1/2-1/2